<?xml version="1.0" encoding="UTF-8"?>
<record
    xmlns:xsi="http://www.w3.org/2001/XMLSchema-instance"
    xsi:schemaLocation="http://www.loc.gov/MARC21/slim http://www.loc.gov/standards/marcxml/schema/MARC21slim.xsd"
    xmlns="http://www.loc.gov/MARC21/slim">

  <leader>01955nam a2200217Ia 4500</leader>
  <controlfield tag="001">A2083-51682 </controlfield>
  <controlfield tag="003">IT-MiCISF</controlfield>
  <controlfield tag="008">161014s9999||||xx |||||||||||||| ||und||</controlfield>
  <datafield tag="040" ind1=" " ind2=" ">
    <subfield code="a">IT-MiCISF</subfield>
    <subfield code="c">IT-MiCISF</subfield>
  </datafield>
  <datafield tag="041" ind1=" " ind2=" ">
    <subfield code="a">it</subfield>
  </datafield>
  <datafield tag="100" ind1=" " ind2=" ">
    <subfield code="a">Pilloni Francesco ( a cura di)</subfield>
  </datafield>
  <datafield tag="245" ind1=" " ind2="0">
    <subfield code="a">Guardo con ammirazione lo Sposo</subfield>
    <subfield code="b">Il Beato Giovanni Paolo II, profeta e testimone del mistero nuziale # </subfield>
  </datafield>
  <datafield tag="250" ind1=" " ind2=" ">
    <subfield code="a">1a ed.</subfield>
  </datafield>
  <datafield tag="260" ind1=" " ind2=" ">
    <subfield code="a"> Cantalupa (TO)</subfield>
    <subfield code="b">Effat&#xE0;</subfield>
    <subfield code="c">2012</subfield>
  </datafield>
  <datafield tag="300" ind1=" " ind2=" ">
    <subfield code="a">pp. 159</subfield>
  </datafield>
  <datafield tag="500" ind1=" " ind2=" ">
    <subfield code="a">Mangia C., Segura X., Muszynski H.Y. / spiritualit&#xE0;-coniugale, coppia, teologia, matrimonio-sacramento / Giovanni Paolo II rimane una figura amata e presente nella memoria collettiva. La Famiglia spirituale dell'Opera Madonnina del Grappa, promotrice del volume, sente un particolare legame con l'insegnamento di questo grande uomo di Dio. Da qui l'esigenza della sosta che si fa riflessione, quasi a voler prendere coscienza dei fili comuni e sottili che legano l'uno all'altra. Molti tratti sembrano infatti unire la figura di Karol Wojty?a - poi Giovanni Paolo II - a quella di Padre Enrico Mauri, fondatore dell'Opera Madonnina del Grappa. Entrambi sono stati resi partecipi della grande intuizione del mistero nuziale di Cristo e della Chiesa, quasi come di una luce che irradiasse in dono nuovo e fecondo l'articolazione della fede, rendendola partecipe di una forza e di uno slancio vivente, tale da coinvolgere tutto l'uomo e ogni uomo e donna. E' singolare validit&#xE0; di questo testo indicare come il mistero nuziale sia significativo non solo per i temi del matrimonio e della famiglia, con le questioni etiche e morali che implicano nella situazione presente, ma anche perch&#xE9; tocca una sensibilit&#xE0; che integra il tema dell'affettivit&#xE0; nella riflessione e nella globalit&#xE0; della vita cristiana.</subfield>
  </datafield>
  <datafield tag="650" ind1=" " ind2=" ">
    <subfield code="a"> Temi di pastorale / matrimonio</subfield>
    <subfield code="e">012</subfield>
  </datafield>
  <datafield tag="700" ind1=" " ind2=" ">
    <subfield code="a">Kwiatkowski Przemyslaw ( a cura di)</subfield>
  </datafield>
  <datafield tag="942" ind1=" " ind2=" ">
    <subfield code="c">BK</subfield>
  </datafield>
  <datafield tag="957" ind1=" " ind2=" ">
    <subfield code="7">1</subfield>
  </datafield>
  <datafield tag="999" ind1=" " ind2=" ">
    <subfield code="a">51682</subfield>
    <subfield code="b">si</subfield>
    <subfield code="g">1</subfield>
    <subfield code="c">217083</subfield>
    <subfield code="d">217083</subfield>
  </datafield>
  <datafield tag="952" ind1=" " ind2=" ">
    <subfield code="0">0</subfield>
    <subfield code="1">0</subfield>
    <subfield code="4">0</subfield>
    <subfield code="6">A_208351682</subfield>
    <subfield code="7">1</subfield>
    <subfield code="a">CISF</subfield>
    <subfield code="b">CISF</subfield>
    <subfield code="d">2016-10-14</subfield>
    <subfield code="l">0</subfield>
    <subfield code="o">A2083-51682 </subfield>
    <subfield code="r">2016-10-14 00:00:00</subfield>
    <subfield code="w">2016-10-14</subfield>
    <subfield code="y">BK</subfield>
    <subfield code="z">Data import 15.10.2016 / by Epidotti, Vaglietti</subfield>
  </datafield>
</record>
